Royals: Niederländische Königsfamilie - Statistiken

Allgemein
  • Dieses Quiz wurde 36 mal gespielt
  • Das Durchschnittsergebnis liegt bei 6 aus 15
Antwortstatistiken
Bildquiz Antwort % Korrekt
Königin {Maxima}
90%
Prinzessin {Amalia}
87%
Prinzessin {Beatrix}
83%
König {Willem}-{Alexander}
77%
Prinzessin {Alexia}
67%
Prinzessin {Ariane}
63%
Prinzessin {Mabel}
33%
Prinz {Constantijn}
30%
Gräfin {Eloise}
27%
Graf {Claus}-{Casimir}
17%
Prinzessin {Irene}
13%
Prinzessin {Laurentien}
13%
Prinzessin {Margriet}
13%
Gräfin {Leonore}
10%
P{ieter} van V{ollenhoven}
3%
Keine übereinstimmenden Quizze gefunden
Verteilung der Resultate
Anzahl Personen mit jedem Resultat
Perzentil nach korrekt beantworteten Fragen
Ihre Resultats-Entwicklung
Sie haben dieses Quiz noch nicht gespielt